01322nam a2200301 a 450000100060000000300080000600500170001400800410003103500190007204000350009104100080012608200310013410000270016524501440019226000720033630000400040850200790044850400330052765000440056065000410060465000350064565000460068070000420072670000470076894200130081599900170082895201750084575971BD-RjUL20211209082754.0190925s2018 bg a|||| bm|| 00| 0 eng d a(BD-RjUL)76190 aBD-RjULbengcBD-RjULdBD-RjUL aeng a618.86095492223bHAM 20181 aHasan, Farhana923321310aModelling on factors Influencing Caesarean Delivery in Bangladesh /cby Farhana Hasan ;6Supervisors: Md.Golam Hossain, Md. Mesbahul Alam aRajshahi :bDepartment of Statistics, University of Rajshahi,c2018 axi, 187, 3 leaves :bIll. ;c29 cm. aThesis (Ph. D.) -- Department of Statistics, University of Rajshahi, 2018 aBibliography: Leaves 175-181 aObstetricsxSurgeryzBangladesh9233220 aCesarean sectionzBangladesh9233221 aChildbirthzBangladesh9233222 aDelivery (Obstetrics)zBangladesh9233223 aHossain, Md.Golam, Supervisor9233214 aAlam, Md. Mesbahul, jt. Supervisor9233215 2ddccTHE c75971d75971 00102ddc40718THESESaRUCLbRUCLcDoc/Thed2019-04-29eController of Examination Office, R. U.l0oTHE 618.86095492 HAM 2018r2019-09-25 00:00:00tC-1w2021-12-09yTHE